U.S. Metro Areas in the Most States - Statistics

General Stats
  • This quiz has been taken 455 times
  • The average score is 5 of 8
Answer Stats
Number of States Answer % Correct
3 New York City
99%
3 Chicago
89%
4 Washington D.C.
87%
3 Philadelphia
84%
3 Memphis
65%
3 Cincinnati
62%
3 Sioux City
9%
3 Huntington
5%
No matching quizzes found
Score Distribution
Percent of People with Each Score
Percentile by Number Answered
Your Score History
You have not taken this quiz